书目信息 |
| 题名: |
非电量的电测量
|
|
| 作者: | 诺维茨基 , Новицкий 编 ;非电量耗电测量翻译组 译 | |
| 分册: | ||
| 出版信息: | 北京 机械工业出版社 1983 |
|
| 页数: | 651页 | |
| 开本: | 21cm | |
| 丛书名: | ||
| 单 册: | ||
| 中图分类: | TM938.8 , TM93 | |
| 科图分类: | ||
| 主题词: | 非电量测量 , 电气测量 , 电工仪表 | |
| 电子资源: | ||
| ISBN: | ||
| 000 | 01133nam0 2200325 45 | |
| 001 | 0183000267 | |
| 005 | 20040521082538.0 | |
| 010 | @dCNY3.05 | |
| 091 | @a15033.5547 | |
| 100 | @a19950809d1983 em y0chiy0121 ea | |
| 101 | 1 | @achi@crus |
| 102 | @aCN@b110000 | |
| 105 | @ay z 000yy | |
| 106 | @ar | |
| 200 | 10 | @a非电量的电测量@Afei dian liang de dian ce liang@f(苏)诺维茨基(П.В.Новицкий)编@g《非电量的电测量》翻译组译 |
| 210 | @a北京@c机械工业出版社@d1983 | |
| 215 | @a651页@d21cm | |
| 300 | @a书名原文:Электрические измерения неэлектрических величин | |
| 510 | 1 | @aЭлектрические измерения неэлектрических величин@zrus |
| 606 | @a非电量测量 | |
| 606 | 0 | @a电气测量 |
| 606 | 0 | @a电工仪表 |
| 690 | @aTM938.8@v3 | |
| 690 | @aTM93 | |
| 701 | 1 | @a诺维茨基@Anuo wei ci ji@bП.В.@4编 |
| 701 | A1 | @aНовицкий@bП.В.@4著 |
| 711 | 02 | @a非电量耗电测量翻译组@Afei dian liang hao dian ce liang fan yi zu@4译 |
| 801 | 0 | @aCN@b上海图书馆@c20040521 |
| 801 | 2 | @aCN@bNLC@c20040521 |
| 905 | @f1@b119052@dTM93@e31 | |
| 非电量的电测量/(苏)诺维茨基(П.В.Новицкий)编/《非电量的电测量》翻译组译.-北京:机械工业出版社,1983 |
| 651页;21cm |
| 书名原文:Электрические измерения неэлектрических величин |
| ISBN :CNY3.05 |
| ● |
| 相关链接 |
|
|
|
|
正题名:非电量的电测量
索取号:TM93/31
 
预约/预借
| 序号 | 登录号 | 条形码 | 馆藏地/架位号 | 状态 | 备注 |
| 1 | 0119052 | 001346724 | 第三借阅区/ [索取号:TM93/31] | 在馆 | |
| 2 | 0119053 | 001346760 | 第二样本阅览室/ [索取号:TM93/31] | 在馆 |